Normal view
MARC view
- R.F.W.Coates
Entry Personal Name
001 - CONTROL NUMBER
- control field: 104303
003 - CONTROL NUMBER IDENTIFIER
- control field: NUST
005 - DATE AND TIME OF LATEST TRANSACTION
- control field: 20221207091444.0
008 - FIXED-LENGTH DATA ELEMENTS
- fixed length control field: 221207|| aca||aabn | a|a d
040 ## - CATALOGING SOURCE
- Original cataloging agency: NUST
- Transcribing agency: NUST
100 ## - HEADING--PERSONAL NAME
- Personal name: R.F.W.Coates
670 ## - SOURCE DATA FOUND
- Source citation: Work cat.: (NUST)193577: R.F.W.Coates, Modern Communication Systems /, 1975
